| 000 | 01517nam a22003974a 4500 | ||
|---|---|---|---|
| 001 | ebr10272918 | ||
| 003 | CaPaEBR | ||
| 006 | m u | ||
| 007 | cr cn||||||||| | ||
| 008 | 030502s2004 enk sb 000 0deng | ||
| 010 | _z 2003050876 | ||
| 020 | _z019515908X | ||
| 020 | _z0195159098 (pbk.) | ||
| 040 |
_aCaPaEBR _cCaPaEBR |
||
| 035 | _a(OCoLC)62865717 | ||
| 041 | 1 |
_aeng _hspa |
|
| 043 | _as-pe--- | ||
| 050 | 1 | 4 |
_aF3409 _b.P172513 2004eb |
| 082 | 0 | 4 |
_a398.2/0985 _221 |
| 100 | 1 |
_aPalma, Ricardo, _d1833-1919. |
|
| 240 | 1 | 0 |
_aTradiciones peruanas. _lEnglish |
| 245 | 1 | 0 |
_aPeruvian traditions _h[electronic resource] / _cby Ricardo Palma ; translated from the Spanish by Helen Lane ; edited with an introduction and chronology by Christopher Conway. |
| 260 |
_aOxford ; _aNew York : _bOxford University Press, _c2004. |
||
| 300 | _axlv, 263 p. | ||
| 490 | 1 | _aLibrary of Latin America | |
| 504 | _aIncludes bibliographical references (p. [261]-263). | ||
| 533 |
_aElectronic reproduction. _bPalo Alto, Calif. : _cebrary, _d2013. _nAvailable via World Wide Web. _nAccess may be limited to ebrary affiliated libraries. |
||
| 650 | 0 |
_aLegends _zPeru. |
|
| 651 | 0 |
_aPeru _xHistory. |
|
| 655 | 7 |
_aElectronic books. _2local |
|
| 700 | 1 | _aLane, Helen R. | |
| 700 | 1 | _aConway, Christopher. | |
| 710 | 2 | _aebrary, Inc. | |
| 830 | 0 | _aLibrary of Latin America. | |
| 856 | 4 | 0 |
_uhttp://site.ebrary.com/lib/rucke/Doc?id=10272918 _zAn electronic book accessible through the World Wide Web; click to view |
| 999 |
_c21198 _d21198 |
||